000
00292nam a22001337a 4500
008
180301b xxu||||| |||| 00| 0 eng d
020
_a
9781897884904
041
_a
eng
080
_a
574
100
_a
9
101
_a
MJE
245
_a
Expert guide: Marine life
_c
Wright,M
942
_2
udc
_c
BK
999
_c
43818
_d
43818